Score 0/12 Timer 01:00
9 Plays Today
% Correct
Railroad
93.5%
Sewing machine
90.4%
Typewriter
89.6%
Electricity
88.6%
Steel
88.5%
Aspirin
83.5%
Diesel engine
78.6%
Elevator
76.7%
Submarine
71.9%
Microphone
62.7%
Refrigerator
61.2%
Coaxial cable
38.9%

Today's Daily Dose

Word Ladder
Silence

Get the Picture
Philly Team Facts

You're not logged in!

Compare scores with friends on all Sporcle quizzes.
OR
Log In

Sporcle TV

Today on Sporcle TV


Watch our educational content, quiz creation guides, and fun videos on Sporcle TV.

Show Comments

Extras

Top Quizzes Today


Score Distribution

Your Account Isn't Verified!

In order to create a playlist on Sporcle, you need to verify the email address you used during registration. Go to your Sporcle Settings to finish the process.

Report this User

Report this user for behavior that violates our Community Guidelines.

Details: